| 000 | 00629nam a2200217Ia 4500 | ||
|---|---|---|---|
| 003 | OSt | ||
| 005 | 20250704141504.0 | ||
| 008 | 210719s2016 xx 000 0 und d | ||
| 020 | _a978-93-85895-12-8 | ||
| 040 | _cAL | ||
| 041 | _aKannada | ||
| 082 | _aK894.3 VISA | ||
| 100 |
_aVISHWANATHA BADIKANA _dವಿಶ್ವನಾಥ ಬದಿಕಾನ _9168209 |
||
| 245 |
_aArebasena ajjikatega _bಅರೆಬಾಸೆನ ಅಜ್ಜಿಕತೆಗ |
||
| 260 |
_aBengaluru _c2016 |
||
| 300 |
_axxx,242 _bPB |
||
| 365 |
_b200 _cRs |
||
| 650 |
_aKannada Fiction _9168210 |
||
| 906 | _aajjikatega ; Arebaasena | ||
| 942 |
_2ddc _cBK |
||
| 999 |
_c215824 _d215824 |
||